000 00424nam a22001697a 4500
003 NUST - PNEC
005 20170116180917.0
008 150904b xxu||||| |||| 00| 0 eng d
020 _a8179920496
040 _cLIBRARY
082 _a612.252 MYL
100 _97512
_aMyles, K.
245 _aPumps : principles and practice
_cK. Myles
260 _cc.2003
650 _97516
_aMechanical engineering
_xME
942 _2ddc
_cBK
999 _c65496
_d65496